01285nam a2200337 a 450000100060000000300080000600500170001400600190003100700150005000800410006502200140010603500230012003500240014303500250016703500210019204000260021305000240023908000140026310000250027724501830030226000410048530000120052653301640053865000350070265000250073765500270076270000430078970000340083271000190086685600620088567658FlNmELB20241217142828.0m o d | cr cn|||||||||200810r2007 ag |||||s|||||||||||spa d z1544-5209 a(MiAaPQ)EBC3175095 a(Au-PeEL)EBL3175095 a(CaPaEBR)ebr10189803 a(OCoLC)928750882 aFlNmELBbspacFlNmELB 4aT174.3bS715 2007eb a60:659.241 aSosa Flores, Miguel.10aComportamiento de la transferencia de tecnología en la actualidadh[recurso electronico]cEditado por Miguel Sosa Flores, Flor Angel Hernández Pérez, Arlenis Ochoa Queijas. a[Santa Fe] :bEl Cid Editor,c[2007] a3-34 p. aRecurso electrónico. Santa Fe, Arg.: e-libro, 2015. Disponible vía World Wide Web. El acceso puede estar limitado para las bibliotecas afiliadas a e-libro. 4aTransferencia de tecnología. 0aTechnology transfer. 4aLibros electrónicos.1 aHernández Pérez, Flor Angel,eedi.1 aOchoa Queijas, Arlenis,eedi.2 ae-libro, Corp.40uhttps://elibro.net/ereader/politecnicointernacional/98026